The self-made man in Meiji Japanese thought : from samurai to salary man /

Bibliographic Details
Main Author: Kinmonth, Earl H., 1946-
Format: Book
Language:English
Published: Berkeley : University of California Press, [1981]
Subjects:

MARC

Tag First Indicator Second Indicator Subfields
LEADER 00000cam a22000008a 4500
001 in00000070885
005 20151008061941.0
008 800603s1981 caua b 00110 engm
010 |a  80017984  
020 |a 0520041593 
035 |a (OCoLC)06447032 
035 |9 AAJ9203AM 
040 |a DLC  |c DLC  |d m.c.  |d TXA  |d UtOrBLW 
043 |a a-ja--- 
049 |a TXAM  |c [1560889] 
050 0 0 |a HQ1090.7.J3  |b K56 1981 
082 0 |a 305.5/5/0952 
100 1 |a Kinmonth, Earl H.,  |d 1946- 
245 1 4 |a The self-made man in Meiji Japanese thought :  |b from samurai to salary man /  |c Earl H. Kinmonth. 
263 |a 8110 
264 1 |a Berkeley :  |b University of California Press,  |c [1981] 
264 4 |c ©1981 
300 |a xi, 385 pages :  |b illustrations ;  |c 23 cm. 
336 |a text  |b txt  |2 rdacontent 
337 |a unmediated  |b n  |2 rdamedia 
338 |a volume  |b nc  |2 rdacarrier 
500 |a Revision of thesis (doctoral)--University of Wisconsin-- Madison, 1974. 
500 |a Includes index. 
504 |a Bibliography: pages 357-371. 
650 0 |a Men  |z Japan. 
650 0 |a Men  |z Japan  |x Psychology. 
650 0 |a Achievement motivation. 
650 0 |a Occupational mobility  |z Japan. 
650 0 |a Middle class  |z Japan  |x History. 
650 0 |a Success. 
999 |a MARS 
999 f f |s e76c45ae-f6f3-31aa-ae9b-f925a3ce0c98  |i 55012c7f-a090-3236-ada7-b7b72ef8c2ab  |t 0 
952 f f |p ric  |a Texas A&M University  |b Rellis Campus  |c Joint Library Facility  |d Remote Storage  |t 0  |e HQ1090.7.J3 K56 1981  |h Library of Congress classification  |i unmediated -- volume  |m A14806143057 
998 f f |a HQ1090.7.J3 K56 1981  |t 0  |l Remote Storage